000 00244nam a2200097Ia 4500
001 684084
005 20250826161450.0
008 250824s9999 xx 000 0 und d
245 0 _aALLAHAISMARLADIK
_cİBRAHİM NACİ
260 _bYEDİTEPE YAYINLARI
999 _c684084
_d684084